| 000 | 01191cam a2200253Ii 4500 | ||
|---|---|---|---|
| 001 | sensitivesnovel00char | ||
| 003 | CaSfIA | ||
| 005 | 20210119081443.0 | ||
| 007 | cr|||| | ||
| 008 | 810415s1968 nyu 000 1 eng d | ||
| 040 |
_aNAM _cNAM _dOCL _dOCLCG _dCaSfIA |
||
| 019 | _a9299051 | ||
| 035 |
_a(OCoLC)7339019 _z(OCoLC)9299051 |
||
| 050 | 4 |
_aPS3575.O7 _bS35 |
|
| 100 | 1 |
_aCharbonneau, Louis, _d1924- |
|
| 245 | 1 | 4 |
_aThe sensitives : _h[electronic resource] _ba novel / _cby Louis Charbonneau ; based on an original screenplay by Deane Romano. |
| 260 |
_aNew York : _bBantam Books, _c1968. |
||
| 300 |
_a203 p. ; _c18 cm. |
||
| 856 | 4 | 1 |
_uhttp://www.archive.org/details/sensitivesnovel00char _zFree eBook from the Internet Archive |
| 856 | 4 | 2 |
_uhttp://www.openlibrary.org/books/OL24219341M _zAdditional information and access via Open Library |
| 942 | _cEB | ||
| 506 | _fНеобхідна авторизація на https://archive.org/ (створення облікового запису безкоштовно) | ||
| 506 | _fНеобхідна авторизація на https://openlibrary.org/ (створення облікового запису безкоштовно) | ||
| 999 |
_c547593 _d547593 |
||